=LDR 00000nam 2200000 4500 =001 INLIS000000000008638 =005 20200310075952 =035 ##$$a 0010-061300000008638 =008 200310################g##########0#ind## =041 ##$$a Ind =082 ##$$a 297.66 =090 ##$$a 297.66, Mal m =100 ##$$a Malim, La Ode =245 1#$$a Membara di Api Tuhan, La Ode Malim /$c La Ode Malim =260 ##$$a Jakarta :$b Departemen pendidikan dan kebudayaan,$c 1983 =300 ##$$a 72 hlm ; $c 14, 5 x 20 cm =650 #4$$a Agama Kristen =084 ##$$a 297.66 MAL m =990 ##$$a DW00021563 =990 ##$$a 7813/Hd- 85 =990 ##$$a 7813/Hd- 85 =990 ##$$a DW00021563 =990 ##$$a DW00021563 =990 ##$$a 7813/Hd- 85